| 000 | 00649nam a2200205 a 4500 | ||
|---|---|---|---|
| 005 | 20210219160421.0 | ||
| 008 | 081107s1999 mx r 000 0 spa d | ||
| 020 | _a8429462260 | ||
| 020 | _a9233033763 | ||
| 035 | _aUPN01000165264 | ||
| 049 | _aUNE | ||
| 080 | _a301.162. 3:373.5 (100) "1999" REA. | ||
| 100 | 1 | _aReardon, Betty A | |
| 245 | 1 | 3 |
_aLa Tolerancia: Umbral de la paz : _bUnidad 3, unidad para la enseñanza secundaria / _cBetty A. Reardon. |
| 260 |
_aParís : _bUNESCO, _aMadrid : _bSantillana, _c1999. |
||
| 300 | _a124 p. | ||
| 440 | 3 | _aLa Biblioteca del docente | |
| 690 | _aTolerancia- Enseñanza secundaria | ||
| 905 | _aUNESCO | ||
| 999 |
_c137376 _d137376 |
||